1380 1676 1642 1556 1834 1096 1987 1858 1728 1538 1426 1975 1035 1293 1676 1556 1585 1237 1342 1186 1100 1783 1127 1068 1502 1211 1226 1089 1640 1742 1213 1372 1530 1024 1403 1047 1494 1591 1472 1477 1266 1903 1874 1754 1374 1829 1793 1385 1810 1194 1622 1717 1071 1738 1968 1517 1904 1727 1412 1290 1976 1374 1319 1091 1169 1342 1527 1908 1367 1142 1860 1569 1079 1540 1775 1278 1949 1519 1411 1396 1896 1372 1797 1021 1925 1498 1823 1548 1363 1393 1919 1889 1323 1133 1017 1315 1267 1335 1968 BCNSPRNW ULIB Ver.6.0+V

เปลี่ยนเป็นภาษาไทย

Change to English
 แสดงรายละเอียดบรรณานุกรม
  กลับหน้าหลัก

Brief Record : Get Marc (ISO 2709) : E-mail record : QR code < ปิดหน้าต่าง
LEADER : 00000nam 2200000uu 4500
001    13399125187
003     ULIB
008    161104s2558||||th 000 0 tha d
020    ^a9786165433303
050  4 ^aDS578.32^bก443บ
245 00 ^aบันทึกประวัติศาสตร์ ปั่นเพื่อพ่อเฉลิมพระเกียรติ 88 พรรษา ทวยราษฎร์จงรักล้ำปิตุรงค์ /^cกระทรวงวัฒนธรรม
250    ^aพิมพ์ครั้งที่ 1
260    ^aกรุงเทพฯ :^bบริษัทอมรินทร์พริ้นติ้งแอนด์พับลิชชิ่ง จำกัด (มหาชน),^c2558
300    ^a308หน้า :^bภาพประกอบสี ;^c30 ซม.
945    ^p0^l0^i001465
999    ^aณรีรัตน์
รายการนี้ยังไม่มีแท็ก
คุณยังไม่ได้ล็อกอิน คุณสามารถมีกิจกรรมร่วมกับเว็บไซต์ได้ แต่ต้องล็อกอินก่อน ::
  ล็อกอิน

รายการสื่อสารสนเทศ

ลำดับที่ ประเภท เลขเรียก/บาร์โค้ด สถานที่ สถานะ
1. การศึกษาทั่วไป
การศึกษาทั่วไป
DS578.32 ก443บ ฉ.1 
  Barcode: 001465
ห้องสมุดวิทยาเขตสวรรค์ประชารักษ์
►หนังสือทั่วไป
บนชั้น

BibComment


ยังไม่เคยถูกคอมเมนท์

คอมเมนท์ทรัพยากรรายการนี้
  คอมเมนท์: บันทึกประวัติศาส..


 Copyright 2026. Bcnsprnw @Library